[Event "Madrid-chT 1920 Honor"]
[Site "Madrid"]
[Date "2020.02.02"]
[Round "7.6"]
[White "Contreras Jimenez, Jose Enrique"]
[Black "Sahuquillo Cruz, Alejandro"]
[Result "0-1"]
[WhiteElo "1679"]
[BlackElo "1983"]
[PlyCount "80"]
[EventDate "2019.11.24"]
[EventType "team-tourn"]
[EventRounds "12"]
[EventCountry "ESP"]
[SourceTitle "EXT 2021"]
[Source "ChessBase"]
[SourceDate "2020.10.23"]
[SourceVersion "1"]
[SourceVersionDate "2020.10.23"]
[SourceQuality "1"]
[WhiteTeam "Liberty Chess"]
[BlackTeam "Tajamar"]
[WhiteTeamCountry "ESP"]
[BlackTeamCountry "ESP"]

1. d4 Nf6 2. c4 g6 3. Nc3 Bg7 4. Nf3 d6 5. Bg5 0-0 6. e4 Nbd7 7. Bd3 e5 8. dxe5 dxe5 9. 0-0 c6 10. Qe2 a5 11. Rad1 Qc7 12. h3 Nc5 13. Bc2 Ne6 14. Be3 Nh5 15. Qd2 Rd8 16. Qc1 Nd4 17. Nh2 Be6 18. b3 Rac8 19. Rd2 b5 20. cxb5 cxb5 21. Bxd4 exd4 22. Nxb5 Qb6 23. Na3 d3 24. Rfd1 Bh6 25. g4 Nf6 26. Qb2 Bxd2 27. Rxd2 dxc2 28. Rxd8+ Qxd8 29. Nxc2 Qd1+ 30. Kg2 Qxc2 31. Qxf6 Qxe4+ 32. Kg3 Qd3+ 33. f3 Qd6+ 34. Qf4 Qxf4+ 35. Kxf4 Rc2 36. Nf1 Rxa2 37. Ne3 Bxb3 38. Ke4 a4 39. Kd4 Be6 40. Kc3 Ra3+ 0-1